000 00576nam a2200193Ia 4500
005 20260114185712.0
008 008 260114s9999 xx 000 0 eng d
020 _a9781350362376
037 _aEBOOK
040 _aCRL
_beng
_cCRL
041 _aeng
_2eng
084 _qCRL
100 _aPaula Sutter Fichtner
_9873327
245 4 _aThe Habsburg Monarchy, 1490-1848 Attributes of Empire
260 _bBloomsbury
_c2003
856 _uhttps://doi.org/10.5040/9781350362376?locatt=label:secondary_bloomsburyCollections
942 _cEBOOK
999 _c1472275
_d1472275